[Event "PRO League Group Stage"]
[Site "chess.com INT"]
[Date "2019.01.17"]
[Round "2"]
[White "Ivlev, Aleksey"]
[Black "Kryakvin, Dmitry"]
[Result "1-0"]
[WhiteTitle "FM"]
[BlackTitle "GM"]
[WhiteElo "2326"]
[BlackElo "2588"]
[WhiteTeam "Volga Stormbringers"]
[BlackTeam "Moscow Phoenix"]
[WhiteFideId "24185949"]
[BlackFideId "4153278"]
[EventDate "2019.01.08"]

1. d4 Nf6 2. c4 g6 3. Nc3 Bg7 4. e4 O-O 5. Nf3 d6 6. Be2 c6 7. Bg5 h6 8. Bh4 g5
9. Bg3 Nh5 10. O-O Na6 11. Rb1 Nc7 12. Ne1 Nxg3 13. hxg3 Ne6 14. Nc2 c5 15. d5
Nd4 16. Nxd4 Bxd4 17. Bg4 e5 18. Qf3 a6 19. Bf5 Rb8 20. Ne2 b5 21. cxb5 axb5 22.
Bxc8 Rxc8 23. g4 Kg7 24. Ng3 Rh8 25. Nf5+ Kf8 26. g3 Qf6 27. Kg2 Qg6 28. Rh1 c4
29. Rh5 b4 30. Rbh1 c3 31. bxc3 bxc3 32. Rxh6 Rxh6 33. Rxh6 Qg8 34. Rxd6 c2 35.
Rd8+ Rxd8 36. Qa3+ 1-0

[Event "PRO League Group Stage"]
[Site "chess.com INT"]
[Date "2019.01.17"]
[Round "2"]
[White "Assaubayeva, Bibisara"]
[Black "Ponkratov, Pavel"]
[Result "0-1"]
[WhiteTitle "FM"]
[BlackTitle "GM"]
[WhiteElo "2372"]
[BlackElo "2630"]
[WhiteTeam "Volga Stormbringers"]
[BlackTeam "Moscow Phoenix"]
[WhiteFideId "13708694"]
[BlackFideId "4157800"]
[EventDate "2019.01.08"]

1. d4 Nf6 2. c4 e6 3. Nf3 c6 4. Nc3 d5 5. Bg5 h6 6. Bxf6 Qxf6 7. Qb3 Qd8 8. e4
dxc4 9. Bxc4 Nd7 10. O-O Be7 11. Rad1 O-O 12. d5 exd5 13. exd5 Qc7 14. Rfe1 Nb6
15. dxc6 bxc6 16. Ne5 Nxc4 17. Qxc4 Bd6 18. Nxc6 Bxh2+ 19. Kh1 Be6 20. Nd5 Bxd5
21. Qxd5 Rae8 22. g3 Bxg3 23. fxg3 Qxg3 24. Ne5 Re6 25. Nf3 Rf6 26. Rf1 Re8 27.
Qd3 Rg6 28. Rg1 Qh3+ 29. Nh2 Re3 30. Qf1 Qe6 31. Rxg6 Qxg6 32. Qg2 Qe6 33. Nf3
Re2 34. Qg3 Rxb2 35. Re1 Qd5 36. Rg1 g5 37. Rg2 Qxa2 38. Rxb2 Qxb2 39. Qd6 Kg7
40. Kg1 Qb6+ 41. Qxb6 axb6 42. Nd4 Kf6 43. Kf2 Ke5 44. Ke3 f5 45. Nf3+ Kf6 46.
Kd4 g4 0-1

[Event "PRO League Group Stage"]
[Site "chess.com INT"]
[Date "2019.01.17"]
[Round "2"]
[White "Dordzhieva, Dinara"]
[Black "Jobava, Baadur"]
[Result "0-1"]
[WhiteTitle "WIM"]
[BlackTitle "GM"]
[WhiteElo "2340"]
[BlackElo "2629"]
[WhiteTeam "Moscow Wizards"]
[BlackTeam "Tbilisi Gentlemen"]
[WhiteFideId "24157570"]
[BlackFideId "13601520"]
[EventDate "2019.01.08"]

1. Nf3 Nf6 2. c4 c6 3. g3 d5 4. Bg2 Bg4 5. Ne5 Be6 6. cxd5 Bxd5 7. Nf3 e6 8. Nc3
Nbd7 9. O-O Bxf3 10. Bxf3 h5 11. h4 Ne5 12. Bg2 Qd4 13. d3 Neg4 14. Qb3 O-O-O
15. Bf4 Bd6 16. Bxd6 Qxd6 17. a4 a5 18. Rac1 Kb8 19. Qb6 Qc7 20. Qc5 Qe5 21. Qb6
Nd7 22. Qb3 Ka7 23. Ne4 Nh6 24. Qa3 Nf5 25. b4 Nd4 26. Rfe1 f5 27. Nc3 Qd6 28.
Na2 g5 29. e3 gxh4 30. exd4 hxg3 31. Qb2 h4 32. bxa5 h3 33. a6 Rb8 34. Bf3 Qf4
35. Qe2 Rbg8 36. Qe3 gxf2+ 37. Kxf2 Rg2+ 38. Kf1 Qh2 39. d5+ c5 0-1

[Event "PRO League Group Stage"]
[Site "chess.com INT"]
[Date "2019.01.17"]
[Round "2"]
[White "Dobrov, Vladimir"]
[Black "Jojua, Davit"]
[Result "1-0"]
[WhiteTitle "GM"]
[BlackTitle "GM"]
[WhiteElo "2478"]
[BlackElo "2588"]
[WhiteTeam "Moscow Wizards"]
[BlackTeam "Tbilisi Gentlemen"]
[WhiteFideId "4136594"]
[BlackFideId "13602543"]
[EventDate "2019.01.08"]

1. Nf3 c5 2. c4 g6 3. d4 Bg7 4. e4 Nc6 5. d5 Nd4 6. Nxd4 cxd4 7. h4 e5 8. h5 Nf6
9. hxg6 fxg6 10. Bd3 d6 11. Bg5 O-O 12. Nd2 Qb6 13. Rb1 a5 14. b3 Nd7 15. a3 Nc5
16. Qc2 Qc7 17. Ke2 Qf7 18. Rbf1 Bf6 19. Bh6 Bg7 20. Bg5 Bf6 21. Bh6 Bg7 22.
Bxg7 Kxg7 23. g3 Qf6 24. Kd1 Qg5 25. Be2 Bg4 26. f3 Qe3 27. Re1 Rxf3 28. Kc1 Rf2
29. Bxg4 Rxd2 30. Rxe3 Rxc2+ 31. Kxc2 dxe3 32. Re1 Nxe4 33. Rxe3 Nf6 34. Be6 h5
35. b4 axb4 36. axb4 b6 37. Kb3 e4 38. c5 bxc5 39. bxc5 dxc5 40. Kc4 Kf8 41. d6
Ne8 42. Kxc5 Rd8 43. d7 Nf6 44. Kd6 Nxd7 45. Bxd7 g5 46. Rxe4 Kf7 47. Re5 Kf6
48. Re6+ Kg7 49. Ke7 Rf8 50. Re5 Rf7+ 51. Kd6 Rf6+ 52. Be6 Kg6 53. Re3 g4 54.
Ke5 Rf3 55. Rxf3 gxf3 56. Kf4 f2 57. Bh3 Kf6 58. Kf3 h4 59. g4 Kg5 60. Kxf2 Kf4
61. Kg2 Ke5 62. Kf3 Kf6 63. Kf4 Kg6 64. g5 1-0

[Event "PRO League Group Stage"]
[Site "chess.com INT"]
[Date "2019.01.17"]
[Round "2"]
[White "Volkov, Nika"]
[Black "Sjugirov, Sanan"]
[Result "1/2-1/2"]
[BlackTitle "GM"]
[WhiteElo "2153"]
[BlackElo "2663"]
[WhiteTeam "Tbilisi Gentlemen"]
[BlackTeam "Moscow Wizards"]
[WhiteFideId "13604376"]
[BlackFideId "4189302"]
[EventDate "2019.01.08"]

1. d4 Nf6 2. c4 e6 3. Nc3 Bb4 4. e3 O-O 5. Bd3 c5 6. Ne2 cxd4 7. Nxd4 d5 8. O-O
e5 9. Nc2 Bxc3 10. bxc3 Nc6 11. Ba3 Re8 12. Nb4 Be6 13. cxd5 Nxb4 14. Bxb4 Qxd5
15. Qe2 e4 16. Bc2 Bg4 17. f3 Bh5 18. Rae1 Qc6 19. Bb3 Nd5 20. Bxd5 Qxd5 21.
fxe4 Bxe2 22. exd5 Bxf1 23. Kxf1 f6 24. Ke2 Red8 25. e4 f5 26. Be7 Rd7 27. d6
fxe4 28. Ke3 Re8 29. Rf1 Rdxe7 30. dxe7 Rxe7 31. Rf4 Rc7 32. Kd4 Rd7+ 33. Kxe4
Rd2 34. Kf3 Rxa2 35. Rc4 b5 36. Rc7 h5 37. Rc5 a6 38. h4 Ra4 39. g3 Kf7 40. Rc6
g6 41. Ke3 Rg4 42. Kf3 Rc4 43. Rxa6 Rxc3+ 44. Kf4 Rc4+ 45. Kf3 b4 46. Ra7+ Ke6
47. Ra6+ Kf5 48. Ra5+ Kf6 49. Ra6+ Kf5 50. Ra5+ Ke6 51. Ra6+ Kd5 52. Rxg6 Kd4
53. g4 b3 54. gxh5 Kc3 55. h6 b2 56. Rb6 Rxh4 57. Rc6+ Kb3 58. Rb6+ Rb4 59.
Rxb4+ Kxb4 60. h7 b1=Q 61. h8=Q Qb3+ 62. Kg4 Qc4+ 1/2-1/2

[Event "PRO League Group Stage"]
[Site "chess.com INT"]
[Date "2019.01.17"]
[Round "2"]
[White "Afanasiev, Nikita"]
[Black "Abdusattorov, Nodirbek"]
[Result "1/2-1/2"]
[WhiteTitle "FM"]
[BlackTitle "GM"]
[WhiteElo "2508"]
[BlackElo "2560"]
[WhiteTeam "Moscow Phoenix"]
[BlackTeam "Volga Stormbringers"]
[WhiteFideId "24183555"]
[BlackFideId "14204118"]
[EventDate "2019.01.08"]

1. d4 Nf6 2. Nf3 d5 3. Bf4 c5 4. e3 Nc6 5. c3 Qb6 6. Qb3 c4 7. Qc2 Bf5 8. Qc1 e6
9. h3 Be7 10. Be2 O-O 11. O-O Qd8 12. b3 b5 13. a4 a6 14. Nbd2 Ne4 15. Nxe4 Bxe4
16. Nd2 Bg6 17. Qb2 Qd7 18. e4 Bd6 19. Be3 Rfb8 20. axb5 axb5 21. e5 Bf8 22. b4
Qc8 23. f4 Nxb4 24. cxb4 c3 25. Qb3 cxd2 26. Bxd2 Qd7 27. Bc3 Rc8 28. Rxa8 Rxa8
29. Ra1 Rxa1+ 30. Bxa1 Be4 31. Bc3 Qc6 32. Kf2 g6 33. Qa3 h5 34. h4 Bf5 35. g3
Be4 36. Ke3 Bc2 37. Kd2 Ba4 38. Bd3 Be7 39. Qa2 Kg7 40. Qb1 Qa8 41. Kc1 Qa7 42.
Qb2 Qc7 43. Qa3 Qd8 44. Be1 Qb6 45. Qc3 Qa7 46. Kb2 Bd8 47. Be2 Bb6 48. Bf2 Qe7
49. g4 hxg4 50. Bxg4 Qc7 51. h5 Qxc3+ 52. Kxc3 gxh5 53. Bxh5 f5 54. exf6+ Kxf6
55. Bg4 Bc7 56. Bh4+ Kf7 57. f5 exf5 58. Bxf5 Bf4 59. Bd7 Bh2 60. Kd3 Bg1 61.
Bd8 Bf2 62. Bb6 Ke7 63. Bf5 Bb3 64. Bc5+ Kf6 65. Bd7 Bc4+ 66. Kd2 1/2-1/2

[Event "PRO League Group Stage"]
[Site "chess.com INT"]
[Date "2019.01.17"]
[Round "2"]
[White "Quparadze, Giga"]
[Black "Savchenko, Boris"]
[Result "1-0"]
[WhiteTitle "GM"]
[BlackTitle "GM"]
[WhiteElo "2493"]
[BlackElo "2562"]
[WhiteTeam "Tbilisi Gentlemen"]
[BlackTeam "Moscow Wizards"]
[WhiteFideId "13602250"]
[BlackFideId "4147332"]
[EventDate "2019.01.08"]

1. e4 d5 2. exd5 Nf6 3. d4 Nxd5 4. Nf3 g6 5. c4 Nb6 6. Nc3 Bg7 7. c5 Nd5 8. Bc4
c6 9. O-O O-O 10. Re1 Nxc3 11. bxc3 b6 12. Ba3 Bf6 13. Nd2 b5 14. Bb3 a5 15. Bb2
Bf5 16. a4 b4 17. cxb4 Na6 18. Nc4 Nxb4 19. Ne5 Rb8 20. Bc3 Bxe5 21. Rxe5 Nd3
22. Rxf5 gxf5 23. Bc2 Nf4 24. Qf3 Ng6 25. Qxf5 Qd5 26. Qxd5 cxd5 27. Bxa5 Nf4
28. Bc7 Ne2+ 29. Kf1 Rb2 30. Kxe2 Rxc2+ 31. Kd3 Rxf2 32. a5 Rxg2 33. a6 Ra8 34.
a7 f6 35. Bb8 Rb2 36. Bc7 Kf7 37. Kc3 Re2 38. Bb8 h5 39. c6 Re6 40. Ra6 Re1 41.
Kd2 Re4 42. Kd3 Re1 43. Kc2 Ke8 44. Ra5 e6 45. c7 Kd7 46. Ra6 Kc8 47. Rd6 1-0

[Event "PRO League Group Stage"]
[Site "chess.com INT"]
[Date "2019.01.17"]
[Round "2"]
[White "Aakanksha, Hagawane"]
[Black "Maghsoodloo, Parham"]
[Result "0-1"]
[WhiteTitle "WIM"]
[BlackTitle "GM"]
[WhiteElo "2259"]
[BlackElo "2679"]
[WhiteTeam "Mumbai Movers"]
[BlackTeam "Armenia Eagles"]
[WhiteFideId "25014510"]
[BlackFideId "12539929"]
[EventDate "2019.01.08"]

1. e4 e5 2. Nf3 Nc6 3. Bb5 a6 4. Ba4 Nf6 5. O-O b5 6. Bb3 Be7 7. Re1 d6 8. c3
O-O 9. d3 Na5 10. Bc2 c5 11. Nbd2 Re8 12. Nf1 h6 13. Ng3 Bf8 14. a4 Bd7 15. d4
Nc6 16. h3 Qc7 17. Be3 Rac8 18. axb5 axb5 19. d5 Ne7 20. Qd2 Ra8 21. Nh4 Ng6 22.
Nhf5 Kh7 23. Qe2 Rxa1 24. Rxa1 Nf4 25. Qf3 g6 26. Nh4 Qd8 27. Ra7 Kg8 28. Qd1
Bc8 29. Nf3 Nh7 30. b4 Qf6 31. Bxf4 exf4 32. Ne2 Ng5 33. Nxg5 hxg5 34. f3 Bg7
35. Bd3 c4 36. Bc2 Qd8 37. Nd4 Qb6 38. Ra5 Bd7 39. Kh2 Be5 40. Ne2 Qf2 41. Ng1
g4 42. hxg4 Bxg4 43. Qe2 Qg3+ 44. Kh1 Kg7 45. Nh3 Rh8 0-1

[Event "PRO League Group Stage"]
[Site "chess.com INT"]
[Date "2019.01.17"]
[Round "2"]
[White "Baghdasaryan, Vahe"]
[Black "Ganguly, Surya Shekhar"]
[Result "0-1"]
[WhiteTitle "GM"]
[BlackTitle "GM"]
[WhiteElo "2354"]
[BlackElo "2638"]
[WhiteTeam "Armenia Eagles"]
[BlackTeam "Mumbai Movers"]
[WhiteFideId "13303139"]
[BlackFideId "5002150"]
[EventDate "2019.01.08"]

1. e4 e5 2. Nf3 Nc6 3. Bc4 Nf6 4. d3 Bc5 5. c3 d6 6. O-O O-O 7. Nbd2 a6 8. Bb3
Be6 9. h3 Qd7 10. Bc2 h6 11. Re1 Rfe8 12. Nf1 d5 13. exd5 Bxd5 14. Ng3 Rad8 15.
Qe2 Bf8 16. b3 g6 17. Bb2 Bg7 18. Rad1 a5 19. Ne4 Nh5 20. Nc5 Qc8 21. Rd2 b6 22.
Ne4 f5 23. Ng3 Nf4 24. Qd1 Qb7 25. c4 Bf7 26. Qa1 Nd4 27. Bxd4 Rxd4 28. Ne2
Nxh3+ 29. gxh3 Qxf3 30. Nxd4 exd4 31. Rxe8+ Bxe8 32. Qd1 Qf4 33. Qe1 Be5 34. f3
Bc6 35. Bd1 h5 36. Rg2 Kh7 37. Qd2 Qh4 38. Qg5 Qe1# 0-1

[Event "PRO League Group Stage"]
[Site "chess.com INT"]
[Date "2019.01.17"]
[Round "2"]
[White "Sargsyan, Anna M."]
[Black "Adhiban, Baskaran"]
[Result "1/2-1/2"]
[WhiteTitle "WFM"]
[BlackTitle "GM"]
[WhiteElo "2339"]
[BlackElo "2689"]
[WhiteTeam "Armenia Eagles"]
[BlackTeam "Mumbai Movers"]
[WhiteFideId "13308130"]
[BlackFideId "5018471"]
[EventDate "2019.01.08"]

1. d4 Nf6 2. Nf3 d6 3. c4 g6 4. Nc3 Bf5 5. g3 Ne4 6. Bg2 Bg7 7. O-O Nxc3 8. bxc3
Nc6 9. Nd2 e5 10. e4 Bd7 11. Nb3 a5 12. a4 b6 13. Be3 O-O 14. f4 Qe7 15. fxe5
dxe5 16. d5 Nd8 17. c5 Rb8 18. c4 f5 19. cxb6 cxb6 20. c5 f4 21. Bf2 fxg3 22.
hxg3 bxc5 23. Bxc5 Rxf1+ 24. Qxf1 Qg5 25. Qd3 Nb7 26. Rf1 Bxa4 27. d6 Kh8 28.
Ba3 Nxd6 29. Qxd6 Qe3+ 30. Kh2 Qxb3 31. Rc1 Re8 32. Rc7 Qe6 33. Qc5 Bb3 34. Qa7
Qf6 35. Be7 Qe6 36. Bc5 Qf6 37. Be7 Qe6 38. Bc5 Qf6 39. Be7 Qe6 40. Bc5 Rg8 41.
Qxa5 h5 42. Qa7 Qf6 43. Be7 Qe6 44. Bg5 Bd1 45. Re7 Qd6 46. Rd7 Qe6 47. Rxd1 Bf6
48. Bxf6+ Qxf6 49. Rd7 Rg7 50. Rxg7 Qxg7 51. Qxg7+ Kxg7 52. Kh3 Kh6 53. g4 Kg5
54. gxh5 gxh5 55. Kg3 h4+ 56. Kf3 Kh5 57. Bh3 Kg5 58. Bf5 Kh5 59. Kg2 Kg5 60.
Kh3 Kh5 61. Be6 Kg5 62. Bf7 Kf4 63. Bg6 Kg5 64. Bh7 Kh5 65. Bg8 Kg5 66. Bb3 Kf4
67. Bc2 Kg5 68. Bb3 Kf4 69. Be6 Kxe4 1/2-1/2

[Event "PRO League Group Stage"]
[Site "chess.com INT"]
[Date "2019.01.17"]
[Round "2"]
[White "Sadhwani, Raunak"]
[Black "Andriasian, Zaven"]
[Result "0-1"]
[WhiteTitle "IM"]
[BlackTitle "GM"]
[WhiteElo "2451"]
[BlackElo "2604"]
[WhiteTeam "Mumbai Movers"]
[BlackTeam "Armenia Eagles"]
[WhiteFideId "35093487"]
[BlackFideId "13302000"]
[EventDate "2019.01.08"]

1. e4 c5 2. Nf3 d6 3. d4 cxd4 4. Nxd4 Nf6 5. Nc3 a6 6. Be3 Ng4 7. Bc1 Nf6 8. Be3
e5 9. Nb3 Be7 10. h3 O-O 11. g4 Be6 12. g5 Nfd7 13. h4 Nb6 14. Qf3 N8d7 15.
O-O-O Rc8 16. Nd5 Bxd5 17. exd5 f5 18. gxf6 Bxf6 19. Qe4 Be7 20. Bh3 Rc4 21. Qd3
Ra4 22. Kb1 Nc4 23. Be6+ Kh8 24. Bg5 e4 25. Qg3 Nde5 26. Bc1 Bf6 27. h5 Rb4 28.
c3 Rb6 29. Bf5 a5 30. Bxe4 a4 31. Nd4 Rxb2+ 32. Bxb2 Qb6 33. Nb3 axb3 34. a4
Nxb2 35. Kxb2 Nc4+ 36. Kb1 Be5 37. f4 Rxf4 38. Rh2 Rxe4 39. Rf2 Qd8 40. Qd3 Na3+
41. Kb2 Rxa4 42. Rdf1 Bf6 43. h6 Nc4+ 44. Kxb3 Ra3+ 45. Kc2 Ra2+ 46. Kd1 Nb2+
47. Rxb2 Rxb2 48. Qe4 Qa8 0-1

[Event "PRO League Group Stage"]
[Site "chess.com INT"]
[Date "2019.01.17"]
[Round "2"]
[White "Meshkovs, Nikita"]
[Black "Grover, Sahaj"]
[Result "1-0"]
[WhiteTitle "GM"]
[BlackTitle "GM"]
[WhiteElo "2557"]
[BlackElo "2511"]
[WhiteTeam "Estonia Horses"]
[BlackTeam "Delhi Dynamite"]
[WhiteFideId "11602740"]
[BlackFideId "5021103"]
[EventDate "2019.01.08"]

1. d4 Nf6 2. c4 e6 3. Nf3 d5 4. g3 Bb4+ 5. Bd2 Bd6 6. Nc3 c6 7. b3 Nbd7 8. Bg2
Ne4 9. Nxe4 dxe4 10. Ng5 f5 11. Nxe6 Qf6 12. d5 cxd5 13. cxd5 Nb6 14. Bg5 Qc3+
15. Kf1 Nxd5 16. Rc1 Qe5 17. Nxg7+ Qxg7 18. Qxd5 Qxg5 19. Rxc8+ Rxc8 20. Qe6+
Kd8 21. Qxd6+ Ke8 22. Qe6+ Kd8 23. f4 Qg6 24. Qd5+ Kc7 25. Qe5+ Kb6 26. Qd4+ Ka6
27. Qa4+ Kb6 28. Qd4+ Ka6 29. Qa4+ Kb6 30. Qd4+ Kc7 31. Qe5+ Qd6 32. Qxf5 Qd1+
33. Kf2 Qd4+ 34. Kf1 Rhe8 35. Qh5 Qd1+ 36. Kf2 e3+ 37. Kf3 Qc2 38. Qd5 Kb8 39.
g4 Rcd8 40. Qb5 a6 41. Qb4 Rd7 42. a4 h5 43. h3 h4 44. Qc4 Qd2 45. Rc1 Ree7 46.
Qc8+ Ka7 47. Qc5+ Kb8 48. Qc8+ Ka7 49. Qc5+ b6 50. Qc6 Rc7 51. Qxc7+ Rxc7 52.
Rxc7+ Kb8 53. Rc4 Qd5+ 54. Re4 Qxb3 55. g5 Kc7 56. Kg4 Qg8 57. f5 Qa2 58. Bf3 b5
59. axb5 axb5 60. g6 Qb2 61. Kg5 b4 62. f6 b3 63. g7 1-0

[Event "PRO League Group Stage"]
[Site "chess.com INT"]
[Date "2019.01.17"]
[Round "2"]
[White "Ehlvest, Jaan"]
[Black "Srija, Seshadri"]
[Result "1-0"]
[WhiteTitle "GM"]
[BlackTitle "WIM"]
[WhiteElo "2521"]
[BlackElo "2210"]
[WhiteTeam "Estonia Horses"]
[BlackTeam "Delhi Dynamite"]
[WhiteFideId "4500016"]
[BlackFideId "5055903"]
[EventDate "2019.01.08"]

1. e4 e5 2. Nf3 Nc6 3. Nc3 Nf6 4. g3 Bc5 5. Bg2 d6 6. d3 a6 7. Be3 Ba7 8. O-O h6
9. h3 O-O 10. Bxa7 Rxa7 11. d4 b5 12. a3 Qe7 13. Re1 Rd8 14. Qd2 Nxd4 15. Nxd4
exd4 16. Qxd4 c5 17. Qd2 Rad7 18. Rad1 Bb7 19. f4 c4 20. Kh2 Qf8 21. Qf2 d5 22.
e5 Ne8 23. Ne2 Nc7 24. f5 Qe7 25. Nd4 f6 26. e6 Rd6 27. b4 Na8 28. c3 Nb6 29. g4
Nc8 30. a4 bxa4 31. Ra1 Qe8 32. Re2 Ne7 33. Rea2 Bc6 34. Bf3 Bb5 35. Bd1 Nc6 36.
Bxa4 Nxd4 37. Qxd4 Qc6 38. Bd1 Qb6 39. Rd2 Kf8 40. Bf3 Qxd4 41. Rxd4 Ke7 42. Kg3
g6 43. Kf4 g5+ 44. Kg3 Kf8 45. h4 Ke7 46. Kf2 Kf8 47. Ke3 Ke7 48. Rh1 gxh4 49.
Rxh4 Rh8 50. Rxd5 Rxd5 51. Bxd5 Kd6 52. Kd4 Rh7 53. Rh2 Rh8 54. Bxc4 Bxc4 55.
Kxc4 Ke5 56. Re2+ Kf4 57. e7 Re8 58. Kd5 Kxg4 59. Kd6 h5 60. Kd7 Rxe7+ 61. Kxe7
Kxf5 62. Rf2+ Kg4 63. Rxf6 h4 64. c4 h3 65. Rh6 1-0

[Event "PRO League Group Stage"]
[Site "chess.com INT"]
[Date "2019.01.17"]
[Round "2"]
[White "Harikrishna, Pentala"]
[Black "Ladva, Ottomar"]
[Result "1-0"]
[WhiteTitle "GM"]
[BlackTitle "GM"]
[WhiteElo "2730"]
[BlackElo "2497"]
[WhiteTeam "Delhi Dynamite"]
[BlackTeam "Estonia Horses"]
[WhiteFideId "5007003"]
[BlackFideId "4500024"]
[EventDate "2019.01.08"]

1. e4 e5 2. Nf3 Nf6 3. Nxe5 d6 4. Nf3 Nxe4 5. d4 d5 6. Bd3 Nc6 7. O-O Be7 8. Nc3
Bf5 9. Qe1 Nd6 10. Nxd5 Bxd3 11. cxd3 O-O 12. Bf4 Re8 13. Nxe7+ Rxe7 14. Qd1 Nf5
15. Bg5 f6 16. Qb3+ Kh8 17. Qxb7 Ncxd4 18. Nxd4 Nxd4 19. Be3 c5 20. Qa6 Nc2 21.
Bxc5 Rc7 22. Qc4 Nxa1 23. Rxa1 Qg8 24. Qxg8+ Kxg8 25. d4 a5 26. b3 Kf7 27. Kf1
Ke6 28. Re1+ Kd5 29. Re3 Rb8 30. Rh3 a4 31. b4 Rxc5 32. bxc5 Rb1+ 33. Ke2 Rb2+
34. Ke3 Rxa2 35. Rxh7 Ra3+ 36. Kd2 Kxd4 37. c6 Rd3+ 38. Ke2 Rc3 39. Rxg7 Rxc6
40. Rg4+ Ke5 41. Rxa4 Rc2+ 42. Ke3 Rc3+ 43. Kd2 Rb3 44. g3 Kf5 45. Ke2 Kg5 46.
Kf1 Kg6 47. Kg2 Kg5 48. h4+ Kg6 49. g4 Rc3 50. f3 Rc1 51. Ra6 Kg7 52. Ra7+ Kg6
53. Kg3 Rc4 54. h5+ Kh6 55. Rf7 Rc6 56. Kh4 Ra6 57. f4 1-0

[Event "PRO League Group Stage"]
[Site "chess.com INT"]
[Date "2019.01.17"]
[Round "2"]
[White "Gupta, Abhijeet"]
[Black "Narva, Mai"]
[Result "1-0"]
[WhiteTitle "GM"]
[BlackTitle "WIM"]
[WhiteElo "2581"]
[BlackElo "2347"]
[WhiteTeam "Delhi Dynamite"]
[BlackTeam "Estonia Horses"]
[WhiteFideId "5010608"]
[BlackFideId "4500512"]
[EventDate "2019.01.08"]

1. d4 Nf6 2. c4 e6 3. Nc3 d5 4. cxd5 exd5 5. Bg5 Be7 6. e3 O-O 7. Bd3 c6 8. Qc2
Nbd7 9. Nf3 Re8 10. h3 Nf8 11. Bf4 Bd6 12. Bxd6 Qxd6 13. O-O-O b5 14. Kb1 a5 15.
Rc1 a4 16. g4 Be6 17. Ne5 Rec8 18. f4 Qb8 19. f5 Bd7 20. g5 Nh5 21. Rhg1 a3 22.
b3 b4 23. Na4 Rxa4 24. bxa4 c5 25. Nxd7 Nxd7 26. Bb5 Nb6 27. dxc5 Qe5 28. cxb6
Rxc2 29. Rxc2 g6 30. f6 h6 31. b7 Kh7 32. Rg4 Ng3 33. Rxb4 Qxe3 34. Rb3 Qe1+ 35.
Rc1 Qe5 36. Bd3 Ne4 37. b8=Q Nd2+ 38. Kc2 Qxg5 39. Rb7 1-0

[Event "PRO League Group Stage"]
[Site "chess.com INT"]
[Date "2019.01.17"]
[Round "2"]
[White "Ponkratov, Pavel"]
[Black "Ivlev, Aleksey"]
[Result "1-0"]
[WhiteTitle "GM"]
[BlackTitle "FM"]
[WhiteElo "2630"]
[BlackElo "2326"]
[WhiteTeam "Moscow Phoenix"]
[BlackTeam "Volga Stormbringers"]
[WhiteFideId "4157800"]
[BlackFideId "24185949"]
[EventDate "2019.01.08"]

1. d4 d5 2. Nf3 Nf6 3. c4 c6 4. e3 Bf5 5. Nc3 e6 6. Nh4 Bg6 7. h3 Nbd7 8. Nxg6
hxg6 9. Bd3 Bd6 10. O-O g5 11. e4 dxc4 12. Bxc4 e5 13. Bxg5 exd4 14. Qxd4 Ne5
15. Rad1 Qe7 16. Qxd6 Qxd6 17. Rxd6 Nxc4 18. Rd4 b6 19. Rxc4 1-0

[Event "PRO League Group Stage"]
[Site "chess.com INT"]
[Date "2019.01.17"]
[Round "2"]
[White "Kryakvin, Dmitry"]
[Black "Assaubayeva, Bibisara"]
[Result "1-0"]
[WhiteTitle "GM"]
[BlackTitle "FM"]
[WhiteElo "2588"]
[BlackElo "2372"]
[WhiteTeam "Moscow Phoenix"]
[BlackTeam "Volga Stormbringers"]
[WhiteFideId "4153278"]
[BlackFideId "13708694"]
[EventDate "2019.01.08"]

1. d4 Nf6 2. c4 g6 3. Nc3 Bg7 4. e4 d6 5. Nf3 O-O 6. Be2 e5 7. O-O Nc6 8. dxe5
Nxe5 9. Bf4 Nfd7 10. Qd2 Re8 11. Rad1 Nxf3+ 12. Bxf3 Ne5 13. Be2 Be6 14. b3 a5
15. a4 Nd7 16. Be3 Nc5 17. Qc2 Qe7 18. Nb5 Rad8 19. Bf3 Bc8 20. Rfe1 c6 21. Nc3
f5 22. h3 fxe4 23. Bxc5 dxc5 24. Nxe4 Rxd1 25. Qxd1 Qf8 26. Bg4 Bxg4 27. Qxg4
Bd4 28. Re2 Kh8 29. g3 Re5 30. Kg2 Qf5 31. f3 h5 32. Qh4 Re8 33. g4 Qf7 34. Qe1
Rf8 35. Ng5 Qf6 36. Re8 Rxe8 37. Qxe8+ Kg7 38. Qd7+ Kg8 39. Qc8+ Kg7 40. Qxb7+
Kg8 41. Qc8+ Kg7 42. Qd7+ Kg8 43. Qe8+ Kg7 44. Ne6+ Kh7 45. Qxc6 hxg4 46. hxg4
Qe5 47. Qc7+ Qxc7 48. Nxc7 Kg8 49. f4 Kf7 50. Kf3 1-0

[Event "PRO League Group Stage"]
[Site "chess.com INT"]
[Date "2019.01.17"]
[Round "2"]
[White "Abdusattorov, Nodirbek"]
[Black "Novikov, Konstantin"]
[Result "1-0"]
[WhiteTitle "GM"]
[WhiteElo "2560"]
[BlackElo "2287"]
[WhiteTeam "Volga Stormbringers"]
[BlackTeam "Moscow Phoenix"]
[WhiteFideId "14204118"]
[BlackFideId "24163554"]
[EventDate "2019.01.08"]

1. e4 d6 2. d4 Nf6 3. Nc3 e5 4. Nf3 Nbd7 5. Bc4 Be7 6. O-O O-O 7. a4 a6 8. Re1
b6 9. d5 Ne8 10. Ne2 g6 11. Ng3 Ng7 12. Bh6 f5 13. exf5 gxf5 14. Qd2 f4 15. Ne4
Nf6 16. Nxe5 dxe5 17. d6+ Kh8 18. dxe7 Qxe7 19. Ng5 Ng4 20. Bxg7+ Kxg7 21. Nf3
Bb7 22. Qc3 Rae8 23. h3 Bxf3 24. Qxf3 Nf6 25. Bxa6 Qc5 26. Bb5 Re7 27. c3 Kh8
28. b4 Qd6 29. Qc6 Qd2 30. Rad1 Qb2 31. Bd3 Qb3 32. Rb1 Qg8 33. a5 Nd5 34. Bc4
f3 35. g3 Rd8 36. Bxd5 Qxd5 37. Qf6+ Rg7 38. Rxe5 Qd7 39. Rg5 bxa5 40. Rxg7 1-0

[Event "PRO League Group Stage"]
[Site "chess.com INT"]
[Date "2019.01.17"]
[Round "2"]
[White "Andreikin, Dmitry"]
[Black "Afanasiev, Nikita"]
[Result "1-0"]
[WhiteTitle "GM"]
[BlackTitle "FM"]
[WhiteElo "2725"]
[BlackElo "2508"]
[WhiteTeam "Volga Stormbringers"]
[BlackTeam "Moscow Phoenix"]
[WhiteFideId "4158814"]
[BlackFideId "24183555"]
[EventDate "2019.01.08"]

1. c4 c6 2. Nf3 d5 3. e3 Nf6 4. Nc3 a6 5. d4 b5 6. b3 Bg4 7. Qc2 e6 8. Bd3 Nbd7
9. Bb2 Bd6 10. h3 Bh5 11. c5 Bc7 12. O-O-O a5 13. Kb1 Qe7 14. g4 Bg6 15. g5 Nh5
16. h4 O-O 17. Ne2 Bxd3 18. Qxd3 f6 19. e4 Qf7 20. Rdg1 Kh8 21. gxf6 gxf6 22. e5
Rg8 23. exf6 Qxf6 24. Ng5 Qg6 25. Ka1 h6 26. Qh3 Rae8 27. Rg2 Qf5 28. Qxf5 exf5
29. Nf7+ Kh7 30. Rxg8 Kxg8 31. Ne5 Nhf6 32. f4 Nh5 33. a4 b4 34. Rh2 Nb8 35. Bc1
Kh7 36. Kb1 Rg8 37. Kc2 Bd8 38. Be3 Nf6 39. Kd3 Nh5 40. Bf2 Rg7 41. Ke3 Bf6 42.
Kf3 Kg8 43. Nc1 Bd8 44. Ncd3 Kf8 45. Rh1 Bf6 46. Re1 Bd8 47. Nb2 Bf6 48. Nd1
Bxe5 49. Rxe5 Rf7 50. Re6 Nf6 51. Ne3 Ne4 52. Be1 Kg7 53. h5 Rf6 54. Re7+ Rf7
55. Nxf5+ Kf8 56. Rxf7+ Kxf7 57. Nxh6+ Kf8 58. Ng4 Nd7 59. Ne5 Nxe5+ 60. fxe5
Kf7 61. Kf4 Ke6 62. h6 Kf7 63. Kf5 1-0